000 00845cab a2200229 4500
001 WB2738-12
008 090401t1991 xxu||||| |||| 00| 0 eng d
035 _a(Sirsi) u1492
041 _aeng
245 _aLegionnaires` disease guidance
260 _c1991
350 _a0
490 _aHealth and Safety Commission News Release
_v(C37:91) 27 September 1991 (3)
520 _aAn Approved Code of Practice and revised guidance booklet on legionnaires` disease have been published by the Health and Safety Commission and the Health and Safety Executive respectively.
650 _aCONTROL OF SUBSTANCES HAZARDOUS TO HEALTH REGULATIONS 1988
650 _aHEALTH AND SAFETY AT WORK ETC ACT 1974
650 _aLEGIONNAIRES' DISEASE
650 _aVIDEO
690 _aBUILT ENVIRONMENT-BUILDING STANDARDS
942 _n0
948 _c04/03/1997
999 _c833
_d833